00751 2200217 4500001002100000005001700021008004100038035002400079082001100103090001800114111005500132245016700187260002800354300002500382650001400407711006300421850001500484980001300499985000600512999001500518YOGYA-0209000003294120090227024730.0 ind  0010-020900000032941 a631.02 a631.02bUni P aUNITED NATIONS, Food and Agricultural Organization aPedoman management usaha tanicoleh Food Agricultural Organisation of the United Nations; disadur oleh, Dinas Pendidikan Pertanian Direktorat Penyuluhan Pertanian aJakartabYasagunac19-? a163 hlmbilusc21 cm aPertanian aDinas Pendidikan Pertanian Direktorat Penyuluhan Pertanian aYOPDYOG(B) a08-05-07 a1 ab000011734